La valoración dinámica de capitales (Registro nro. 3153)
[ vista simple ]
| 000 -LEADER | |
|---|---|
| fixed length control field | 01033 a2200205 4500 |
| 001 - CONTROL NUMBER | |
| control field | 39931 |
| 005 - DATE AND TIME OF LATEST TRANSACTION | |
| control field | 20260407155656.0 |
| 008 - FIXED-LENGTH DATA ELEMENTS--GENERAL INFORMATION | |
| fixed length control field | 260407a1986 arg spa d |
| 003 - CONTROL NUMBER IDENTIFIER | |
| control field | AR-UNSa-BCEJYS |
| 040 ## - CATALOGING SOURCE | |
| Original cataloging agency | AR-UNSa-BCEJYS |
| Language of cataloging | spa |
| Transcribing agency | AR-UNSa-BCEJYS |
| 080 ## - UNIVERSAL DECIMAL CLASSIFICATION NUMBER | |
| Universal Decimal Classification number | 330.32 |
| Common auxiliary subdivision | Nueva formación de capital (Inversión) |
| 041 ## - LANGUAGE CODE | |
| Language code of text/sound track or separate title | spa |
| 100 1# - MAIN ENTRY--PERSONAL NAME | |
| Personal name | Quirelli, Blanca N.I. |
| 245 10 - TITLE STATEMENT | |
| Title | La valoración dinámica de capitales |
| Name of part/section of a work | fundamentación y modelos básicos en universos deterministas |
| 264 #1 - PRODUCTION, PUBLICATION, DISTRIBUTION, MANUFACTURE, AND COPYRIGHT NOTICE | |
| Place of production, publication, distribution, manufacture | Santa Fe : |
| Name of producer, publisher, distributor, manufacturer | Universidad Nacional del Litoral |
| Date of production, publication, distribution, manufacture, or copyright notice | 1986 |
| 300 ## - PHYSICAL DESCRIPTION | |
| Extent | 178 p. |
| Dimensions | 22 cm. |
| 505 ## - FORMATTED CONTENTS NOTE | |
| Formatted contents note | 1. Operaciones financieras sustancialmente definidas - 2. Leyes discretas para la valoración dinámica de capitales - 3. Equivalencias entre conjuntos de tasas que definen Leyes discretas del valor capital - 4. Casos particulares de Leyes de capitalización discretas - 5. Leyes continuas para la valoración dinámica de capitales - 6. Operaciones financieras ciertas complejas |
| 590 ## - LOCAL NOTE (RLIN) | |
| Local note | niveau_biblio:m niveau_hierar:0 |
| 942 ## - ADDED ENTRY ELEMENTS (KOHA) | |
| Koha item type | |
| Withdrawn status | Lost status | Damaged status | Not for loan | Home library | Current library | Shelving location | Date acquired | Total checkouts | Full call number | Barcode | Date last seen | Price effective from | Koha item type |
|---|---|---|---|---|---|---|---|---|---|---|---|---|---|
| Biblioteca Prof. Eusebio Cleto del Rey | Biblioteca Prof. Eusebio Cleto del Rey | 07/04/2026 | 330.32 Q8 | L125737 | 07/04/2026 | 07/04/2026 | Libro |